Structural Dynamics and Probabilistic Analyses for Engineers / (Record no. 15143)

MARC details
000 -LEADER
fixed length control field 01437cam a22003134a 4500
001 - CONTROL NUMBER
control field 15345441
005 - DATE AND TIME OF LATEST TRANSACTION
control field 20080908100711.0
008 - FIXED-LENGTH DATA ELEMENTS--GENERAL INFORMATION
fixed length control field 080626s2008 ne a b 001 0 eng
010 ## - LIBRARY OF CONGRESS CONTROL NUMBER
LC control number 2008274553
020 ## - INTERNATIONAL STANDARD BOOK NUMBER
International Standard Book Number 0750687657
020 ## - INTERNATIONAL STANDARD BOOK NUMBER
International Standard Book Number 9780750687652
040 ## - CATALOGING SOURCE
Original cataloging agency DLC
Transcribing agency DLC
Modifying agency DLC
050 00 - LIBRARY OF CONGRESS CALL NUMBER
Classification number TA654
Item number .M3788 2008
082 00 - DEWEY DECIMAL CLASSIFICATION NUMBER
Classification number 624.171
Edition number 22
Item number MAY
100 1# - MAIN ENTRY--PERSONAL NAME
Personal name Maymon, Giora.
9 (RLIN) 23179
245 10 - TITLE STATEMENT
Title Structural Dynamics and Probabilistic Analyses for Engineers /
Statement of responsibility, etc Giora Maymon.
260 ## - PUBLICATION, DISTRIBUTION, ETC. (IMPRINT)
Place of publication, distribution, etc Amsterdam ;
-- Boston :
Name of publisher, distributor, etc Elsevier Butterworth-Heinemann, 2008
Date of publication, distribution, etc c2008.
300 ## - PHYSICAL DESCRIPTION
Extent xxxiii, 440 p. :
Other physical details ill. ;
Dimensions 24 cm. +
Accompanying material 1 CD-ROM (4 3/4 in.)
504 ## - BIBLIOGRAPHY, ETC. NOTE
Bibliography, etc Includes bibliographical references (p. 420-426) and index.
650 #0 - SUBJECT ADDED ENTRY--TOPICAL TERM
Topical term or geographic name as entry element Structural dynamics.
9 (RLIN) 23180
650 #0 - SUBJECT ADDED ENTRY--TOPICAL TERM
Topical term or geographic name as entry element Structural analysis (Engineering)
9 (RLIN) 23181
650 #0 - SUBJECT ADDED ENTRY--TOPICAL TERM
Topical term or geographic name as entry element Probabilities.
9 (RLIN) 23182
856 41 - ELECTRONIC LOCATION AND ACCESS
Materials specified Table of contents
Uniform Resource Identifier <a href="http://www.loc.gov/catdir/toc/fy0804/2008274553.html">http://www.loc.gov/catdir/toc/fy0804/2008274553.html</a>
856 42 - ELECTRONIC LOCATION AND ACCESS
Materials specified Publisher description
Uniform Resource Identifier <a href="http://www.loc.gov/catdir/enhancements/fy0838/2008274553-d.html">http://www.loc.gov/catdir/enhancements/fy0838/2008274553-d.html</a>
942 ## - ADDED ENTRY ELEMENTS (KOHA)
Source of classification or shelving scheme Dewey Decimal Classification
Item type Book - Borrowing
Holdings
Withdrawn status Item status Source of classification or shelving scheme Damaged status Not for loan Vendor Home library Current library Shelving location Date acquired Source of acquisition Cost, normal purchase price Serial Enumeration / chronology Total Checkouts Full call number Barcode Date last seen Koha item type
    Dewey Decimal Classification       Central Library Central Library First floor 18/04/2011   700.00 72   624.171 MAY 000023294 15/07/2025 Book - Borrowing
    Dewey Decimal Classification       Central Library Central Library First floor 18/04/2011         624.171 MAY 000023295 24/08/2022 CD | DVD - With book